000 00572nam a2200181Ia 4500
003 GCL
008 140319s9999 xx 000 0 ara d
040 _aGCL /
_cGCL
082 0 4 _a301.21
_bب ا
100 1 _aبرهان غليون
245 1 0 _aاغتيال العقل : محنة الثقافة العربية بين السلفية والتبعية /
_cبرهان غليون
300 _a365 ص
490 _a
650 0 4 _aالثقافة العربية
650 0 4 _aالثقافة والمجتمع
650 0 4 _aالثقافة والحضارة
942 _2ddc
_cBK
999 _c42872
_d42872